| 000 | 01125nam a22002417a 4500 | ||
|---|---|---|---|
| 999 |
_c21692 _d21692 |
||
| 003 | AR-CdUCM | ||
| 008 | 190425b ||||| |||| 00| 0 spa d | ||
| 040 |
_aMUNICIPALIDAD PROVINCIAL DEL CUSCO _cBIBLIOTECA MUNICIPAL DEL CUSCO |
||
| 082 |
_aRev.Univ/N°14/1915 _bRev.Univ/N°14/1915 |
||
| 110 |
_aUniversidad Nacional de San Antonio Abad del Cusco _915942 |
||
| 245 |
_aRevista Universitaria : _bÓrgano de la Universidad del Cuzco / |
||
| 260 |
_aCusco : _bEl Trabajo, _cdiciembre 1915. |
||
| 300 |
_a45 páginas. : _c20 cm. |
||
| 440 |
_aRevista Universitaria _nAño IV, diciembre 1915, N°14 _945794 |
||
| 505 | _aContenido: Estudios geográficos en el departamento (conclusión). Fortunato L. Herrera. --El Cuzco como uno de los centros industriales de la Sierra del Perú. Alberto A. Giesecke. -- Anexo de la memoria de 1915. Alberto A. Giesecke. | ||
| 650 |
_aHistoria del Cusco _91714 |
||
| 650 |
_aGeografía del Cusco _93257 |
||
| 650 |
_aIndustrialización Cusco _945795 |
||
| 650 |
_aSiglo XX _945791 |
||
| 710 |
_aUniversidad Nacional de San Antonio Abad del Cusco _915942 |
||
| 942 |
_2ddc _cPP |
||
| 945 | _arac | ||